<?xml version="1.0" encoding="UTF-8"?>
<marc:record xmlns:marc="http://www.loc.gov/MARC21/slim">
   <marc:leader>00000nam a2200000 a 4500</marc:leader>
   <marc:datafield ind1="1" ind2=" " tag="100">
      <marc:subfield code="a">Spinner, Esther</marc:subfield>
      <marc:subfield code="4">ctb</marc:subfield>
      <marc:subfield code="e">Mitwirkende/-r</marc:subfield>
   </marc:datafield>
   <marc:datafield ind1="1" ind2=" " tag="100">
      <marc:subfield code="a">Luchs, Anna</marc:subfield>
      <marc:subfield code="4">ctb</marc:subfield>
      <marc:subfield code="e">Mitwirkende/-r</marc:subfield>
   </marc:datafield>
   <marc:datafield ind1=" " ind2=" " tag="653">
      <marc:subfield code="a">Sprachspiel</marc:subfield>
   </marc:datafield>
   <marc:datafield ind1=" " ind2=" " tag="653">
      <marc:subfield code="a">Softcover</marc:subfield>
   </marc:datafield>
   <marc:datafield ind1=" " ind2=" " tag="653">
      <marc:subfield code="a">Karte</marc:subfield>
   </marc:datafield>
   <marc:datafield ind1=" " ind2=" " tag="653">
      <marc:subfield code="a">Jugendbuch / Spielen / Sonstiges</marc:subfield>
   </marc:datafield>
   <marc:datafield ind1=" " ind2=" " tag="653">
      <marc:subfield code="a">Bilderbuch</marc:subfield>
   </marc:datafield>
   <marc:datafield ind1="0" ind2="0" tag="245">
      <marc:subfield code="a">Genau! Sagt Paul Schlau</marc:subfield>
   </marc:datafield>
   <marc:datafield ind1="0" ind2="0" tag="245">
      <marc:subfield code="b">ein Sprachspielbuch</marc:subfield>
   </marc:datafield>
   <marc:datafield ind1="0" ind2="0" tag="245">
      <marc:subfield code="c">Esther Spinner ; Anna Luchs</marc:subfield>
   </marc:datafield>
   <marc:datafield ind1=" " ind2="1" tag="264">
      <marc:subfield code="a">Zürich</marc:subfield>
      <marc:subfield code="b">Bajazzo-Verl.</marc:subfield>
      <marc:subfield code="c">2005</marc:subfield>
   </marc:datafield>
   <marc:datafield ind1="1" ind2=" " tag="520">
      <marc:subfield code="a">Angaben aus der Verlagsmeldung

Genau! Sagt Paul Schlau / von Esther Spinner

Muss ein A immer ein A sein?

Mara, Peter, Lilli, Tom und Rut langweilen sich ganz schrecklich. Alles haben sie schon gemacht, Elefanten gezeichnet, Monopoly, Zusammensetzspiel, Geografiespiel, Blindekuh … Und jetzt? Jetzt tauchen Paul Schlau und Anna Gans auf. Denn wenn die Langeweile noch größer ist als total grauenhaft grässlich, dann hilft nur noch Vokalessen, wie Anna Gans erklärt Mit dem E wie Peter geht das dann so: Erdebeerleber, Engelherz, Elsternfedernfett, Schneckenzehen, Brennesselkekse. Bei Mara gibt’s Schlagrahmkranz und Flachlachsdarm, bei Lilli Milchzimtring und Risibisi. Und dann tauchen die Bisilikim-Zicchini auf. Das ist Vokaltausch. Man kann Vokalessen auch mit Vokaltausch mischen… bis es irgendwann allen genz schwendleg est und sie plutzlich Hungur hubun!

Ein spinnig-verrücktes Sprachspielbuch gegen die total grauenhafte Langeweile.
</marc:subfield>
   </marc:datafield>
   <marc:datafield ind1=" " ind2=" " tag="020">
      <marc:subfield code="a">9783907588611</marc:subfield>
      <marc:subfield code="9">9783907588611</marc:subfield>
   </marc:datafield>
   <marc:datafield ind1=" " ind2=" " tag="020">
      <marc:subfield code="a">3907588614</marc:subfield>
      <marc:subfield code="9">3907588614</marc:subfield>
   </marc:datafield>
   <marc:datafield ind1=" " ind2=" " tag="041">
      <marc:subfield code="a">ger</marc:subfield>
   </marc:datafield>
   <marc:datafield ind1=" " ind2=" " tag="300">
      <marc:subfield code="a">34 S.</marc:subfield>
   </marc:datafield>
</marc:record>
